| 000 | 00328nam a2200145 a 4500 | ||
|---|---|---|---|
| 001 | 5235 | ||
| 003 | CDMR | ||
| 005 | 20130116135306.0 | ||
| 008 | 130130s1989||||||||||||||||||||||||||||d | ||
| 040 |
_aCDMR _bcat _cCPC GIRONA |
||
| 245 | 0 |
_aMensaje & Medio _bGlasnost |
|
| 260 |
_c1989 _bEnte Público RTVE |
||
| 490 | 0 | _v4 | |
| 942 | _cMON | ||
| 999 |
_c5235 _d5235 |
||